|
|
|
|
| LEADER |
01742nam a2200457 a 4500 |
| 001 |
nkc20091963671 |
| 003 |
CZ PrNK |
| 005 |
20091204101201.0 |
| 007 |
ta |
| 008 |
090616s2009 xr abceg f 001 0 cze |
| 015 |
|
|
|a cnb001963671
|
| 020 |
|
|
|a 978-80-251-2521-2
|q (váz.)
|
| 035 |
|
|
|a (OCoLC)433012760
|
| 040 |
|
|
|a OLA001
|b cze
|d ABA001
|
| 041 |
1 |
|
|a cze
|h eng
|
| 043 |
|
|
|a a-ja---
|
| 072 |
|
7 |
|a 913(5)
|x Geografie Asie, reálie, cestování
|2 Konspekt
|9 7
|
| 080 |
|
|
|a 913(520)
|2 MRF
|
| 080 |
|
|
|a (036)913
|2 MRF
|
| 100 |
1 |
|
|a Bornoff, Nicholas,
|d 1949-
|7 mzk2009517587
|4 aut
|
| 245 |
1 |
0 |
|a Japonsko /
|c Nicholas Bornoff ; [překlad Jiří Fadrný]
|
| 260 |
|
|
|a Brno :
|b Computer Press,
|c c2009
|
| 300 |
|
|
|a 399 s. :
|b barev. il., mapy, portréty, plány ;
|c 22 cm
|
| 490 |
1 |
|
|a Velký průvodce National Geographic
|
| 500 |
|
|
|a Přeloženo z angličtiny
|
| 500 |
|
|
|a Na obálce nad názvem: Česká televize
|
| 500 |
|
|
|a Obsahuje rejstřík
|
| 651 |
|
7 |
|a Japonsko
|7 ge129425
|2 czenas
|
| 651 |
|
9 |
|a Japan
|2 eczenas
|
| 655 |
|
7 |
|a turistické průvodce
|7 fd133738
|2 czenas
|
| 655 |
|
9 |
|a tourist guidebooks
|2 eczenas
|
| 710 |
2 |
|
|a Česká televize
|7 kn20010710705
|
| 765 |
0 |
|
|t Japan
|9 Česky
|
| 830 |
|
0 |
|a Velký průvodce National Geographic (Computer Press)
|0 s
|
| 856 |
4 |
1 |
|u http://www.digitalniknihovna.cz/mzk/uuid/uuid:5172d030-f311-11e4-8936-005056827e51
|y Digitalizovaný dokument
|x NDK
|
| 910 |
2 |
|
|a BOA001
|b 2-1225.829
|
| 990 |
|
|
|a BK
|
| 995 |
|
|
|a 01
|
| 991 |
|
|
|b 200907
|c NOV
|j 913(5) JAP
|
| 996 |
6 |
|
|b 2610383266
|c 2-1225.829
|l MZK
|r Sklad / do 1 hodiny
|n 3
|p p.v.
|w 000946692
|u 000010
|a 1
|e BOA001
|j MZK50
|s P
|
| 996 |
7 |
|
|b 2610383267
|c 2-1225.829
|l Vol.výběr
|r VV 1p
|n 42
|p p.v.
|h 913(5) PRU JAP
|w 000946692
|u 000020
|a 0
|e BOA001
|j MZK50
|s A
|